|
|
|
|
| LEADER |
00601nam a22001697a 4500 |
| 008 |
211001b |||||||| |||| 00| 0 eng d |
| 020 |
|
|
|a 0330306340
|
| 041 |
|
|
|a eng
|
| 100 |
|
|
|9
|a Preuss, Paul,
|d 1942-
|
| 245 |
|
|
|a Breaking strain /
|c Paul Preuss
|
| 260 |
|
|
|a London:
|b Pan Books,
|c 1987.
|
| 300 |
|
|
|a 265 pages.
|c 18 cm.
|
| 650 |
|
7 |
|2 fast
|9 1169581
|a Science fiction, American
|
| 650 |
|
7 |
|2 fast
|9 985471
|a Fantasy fiction, Spanish
|
| 942 |
|
|
|c BK
|
| 999 |
|
|
|c 361887
|d 361887
|
| 952 |
|
|
|0 0
|1 0
|2 ddc
|4 0
|7 3
|9 421007
|a UL
|b UL
|c PROC
|d 2021-10-01
|e Donation -I.G.Bhaskara Panikker Family
|l 0
|p G14443
|r 2021-10-01
|w 2021-10-01
|y BK
|